[Event "Maresme op 8th"]
[Site "Maresme"]
[Date "2011.10.15"]
[Round "4"]
[White "Asensio Linan, Teodoro"]
[Black "Vilalta Vidal, Javier"]
[Result "1/2-1/2"]
[WhiteElo "2163"]
[BlackElo "1889"]
[PlyCount "74"]
[EventDate "2011.09.24"]
[EventType "swiss"]
[EventRounds "9"]
[EventCountry "ESP"]
[SourceTitle "EXT 2013"]
[Source "ChessBase"]
[SourceDate "2012.11.22"]
[SourceVersion "1"]
[SourceVersionDate "2012.11.22"]
[SourceQuality "1"]

1. e4 c5 2. Nc3 Nc6 3. Bb5 Nf6 4. Nf3 g6 5. e5 Ng4 6. Qe2 Bg7 7. Bxc6 bxc6 8. h3 Nh6 9. Ne4 0-0 10. Nxc5 d6 11. Nb3 a5 12. d3 dxe5 13. Nxe5 Qd5 14. f4 a4 15. c4 Qd6 16. Nd2 Nf5 17. Ne4 Qb4+ 18. Qd2 Qb6 19. Qf2 Qb4+ 20. Bd2 Qxb2 21. 0-0 Qb7 22. Rab1 Qc7 23. g4 Nd6 24. Qb6 Qxb6+ 25. Rxb6 Nxe4 26. dxe4 Bxe5 27. fxe5 Ra6 28. Rfb1 Rxb6 29. Rxb6 Be6 30. Rxc6 Rc8 31. Rxc8+ Bxc8 32. Kf2 Be6 33. c5 Bxa2 34. c6 Kf8 35. Ke3 Ke8 36. Ba5 Be6 37. Bb4 Kd8 1/2-1/2

[Event "Maresme op 8th"]
[Site "Maresme"]
[Date "2011.09.24"]
[Round "1"]
[White "Vilalta Vidal, Javier"]
[Black "Molina Villen, Francisco"]
[Result "1-0"]
[WhiteElo "1889"]
[BlackElo "1559"]
[PlyCount "61"]
[EventDate "2011.09.24"]
[EventType "swiss"]
[EventRounds "9"]
[EventCountry "ESP"]
[SourceTitle "EXT 2013"]
[Source "ChessBase"]
[SourceDate "2012.11.22"]
[SourceVersion "1"]
[SourceVersionDate "2012.11.22"]
[SourceQuality "1"]

1. e4 d6 2. d4 e6 3. c4 Nf6 4. Nc3 Be7 5. Nf3 h6 6. Bd3 0-0 7. Qe2 Nc6 8. 0-0 e5 9. d5 Nd4 10. Nxd4 exd4 11. Nb5 Nh7 12. Nxd4 Bf6 13. Be3 Be5 14. Qc2 Qf6 15. Nb3 Ng5 16. f4 Nh3+ 17. gxh3 Bxh3 18. fxe5 Qg6+ 19. Kh1 Qg4 20. Rf4 Qd7 21. exd6 cxd6 22. Nd4 g5 23. Rg1 Rae8 24. Rf6 Kg7 25. Qf2 Re5 26. Nf3 Qe7 27. Nxe5 dxe5 28. Bxg5 h5 29. Bh6+ Kh7 30. Bxf8 Qxf8 31. Rxf7+ 1-0